| 000 | 00889nam a22002895a 4500 | ||
|---|---|---|---|
| 005 | 20170213124850.0 | ||
| 008 | 170213t2015 enka frbd 001 0 eng d | ||
| 020 | _a9781292069289 | ||
| 020 | _a1292069287 | ||
| 040 |
_aEG-ScBUE _beng _cEG-ScBUE _dEG-ScBUE |
||
| 082 | 0 | 4 |
_222 _a616.89 _bBUT |
| 100 | 1 | _aButcher, James N. | |
| 245 | 1 | 0 |
_aAbnormal psychology / _cJames N. Butcher, Jill M. Hooley, Susan Mineka. |
| 250 | _a16th ed., Global ed. | ||
| 260 |
_aHarlow : _bPearson Education Limited, _cc.2015. |
||
| 300 |
_a784 p. : _bill. ; _c24 cm. |
||
| 500 | _aGlossary : p. 628-648. | ||
| 500 | _aIncludes indexes. | ||
| 504 | _aBibliography : p. 649-735. | ||
| 650 | 7 |
_2BUEsh _936168 _aPsychology, Pathological. |
|
| 651 | _2BUEsh | ||
| 653 |
_bHHUUPPSS _cFebruary2017 |
||
| 655 |
_vReading book _934232 |
||
| 700 | 1 | _aHooley, Jill M. | |
| 700 | 1 | _aMineka, Susan. | |
| 942 | _2ddc | ||
| 999 |
_c24134 _d24106 |
||